00763nam a2200253Ia 4500003000900000008004100009040001300050040001300063041000800076100005400084100000800138245002200146250001000168260001200178260000900190300001100199300000800210490003100218490000600249600002600255942000700281999001700288952020400305IT-RoPAU120407s9999 xx 000 0 und d aIT-RoPAU cIT-RoPAU afra aCyrille d’Alexandrie Cirillo di Alessandria, s. csan aLettres Festales. aParis aDu Cerf c1998 a315 p. c cm asources chrétiennes, 434 v1 atome III: XII - XVII. cBK c32334d32334 00102ddc406276_800000000000000_343471aPAULUSbPAULUSd2012-04-11l0o276.8.3434r2012-04-11 00:00:00w2012-04-11yBKzInserito da: Anna In data: 14 luglio 2011 fondo: Via A.Severo 56 Progr:24469